Quizzes
Events
Quiz Creation
Community
Videos
Private Events
Remove Ads
Sign In
Join for FREE
Feedback
Dark Mode
Quiz Categories
Sports
Geography
Music
Movies
Television
Just For Fun
Miscellaneous
History
Literature
Language
Science
Gaming
Entertainment
Religion
Holiday
For Kids
Quiz Lab
Recent
Popular Today
Quiz Kudos Today
Editor Picks
Curator Picks
Quizzes by...
Day
Popularity
Type
Ratings
Length
Year
Community
Subscriptions
Recent Discussions
Orange Saloon
Badges
Playlists
Quests
Create
Leaderboards
Showdown
Live 5
Trivia Bingo
Activity
Puzzle Library
Sporcle Events
Private Events
Virtual Trivia
Globe League
Become a Host
Pub Owners
SporcleCon
Opinionation
Our Games
Videos
Blog
Mobile Apps
Partnerships
Remove Ads and Go Orange
Feedback
Music
Pop Music
The Beatles
Song
Album
Lyrics
Bands
Singers
Artist
Clip
Rock
Rap
Classical
Billboard
Country Music
Kpop
Taylor Swift
Music
Pop Music
The Beatles
Song
Album
Lyrics
Bands
Singers
Artist
Clip
Rock
Rap
Classical
Billboard
Country Music
Kpop
Taylor Swift
Random Quiz
Search Sporcle
×
Quiz Lab
Quiz Lab
Music
Pop Music
Type in answers that appear in a list
Type in answers that appear in a list
Classic
Best Score? Go Orange.
Lady GaGa Songs (Studio Albums) Stats
Can you name the Lady GaGa Songs?
By
Splendini
15m
37 Questions
52 Plays
52 Plays
52 Plays
Comments
Comments
Give Quiz Kudos
Give Quiz Kudos
-
- Ratings
hide this ad
More Info
Replay
Link that replays current quiz
Next Quiz
Link to next quiz in quiz playlist
You Got
0%
They Got
Avg Score
68%
Avg Friend Score
Upgrade to see
Score Distribution
Jump to the score distribution portion of the page
Score
0/37
Timer
15:00
0
Plays Today
Album
Song
% Correct
Born This Way
Born This Way
98.1%
The Fame
Just Dance
96.2%
The Fame
Poker Face
92.3%
The Fame
Paparazzi
90.4%
The Fame Monster
Telephone
88.5%
Born This Way
Edge of Glory
86.5%
The Fame Monster
Alejandro
84.6%
Born This Way
Marry the Night
84.6%
Born This Way
Judas
84.6%
The Fame
The Fame
80.8%
The Fame Monster
Bad Romance
80.8%
The Fame
Lovegame
78.8%
Born This Way
Yoü and I
76.9%
The Fame Monster
Monster
75%
The Fame
Eh Eh (Nothing Else I Can Say)
73.1%
The Fame Monster
Speechless
69.2%
Born This Way
Hair
69.2%
Born This Way
Bloody Mary
69.2%
The Fame
Boys Boys Boys
67.3%
Album
Song
% Correct
The Fame Monster
Teeth
67.3%
The Fame
Beautiful Dirty Rich
63.5%
The Fame Monster
So Happy I Could Die
59.6%
Born This Way
Government Hooker
59.6%
Born This Way
Heavy Metal Lover
59.6%
The Fame
Brown Eyes
57.7%
The Fame Monster
Dance in the Dark
57.7%
Born This Way
Electric Chapel
57.7%
The Fame
Money Honey
55.8%
The Fame
Paper Gangsta
55.8%
Born This Way
Americano
55.8%
The Fame
Summerboy
53.8%
Born This Way
Highway Unicorn (Road to Love)
53.8%
The Fame
Starstruck
51.9%
The Fame
Disco Heaven
51.9%
Born This Way
Bad Kids
48.1%
Born This Way
Scheiße
46.2%
The Fame
I Like it Rough
42.3%
Quiz Playlist
Details
Report
Send in Message
Add To Playlist
More Info:
Name all the songs in Lady GaGa's 3 studio albums (bonus tracks ok)
Classic:
Type in answers that appear in a list
Last Updated: Feb 16, 2017
Quiz Scoreboard
CHALLENGE
Sign Up to Join the Scoreboard
Show All
Scores
Hide
Comments
May contain spoilers
Recently Published
Decade Duel: World Leaders
by jenniferyan
History
4m
Alphabetical 'K' Countries by Flag Minefield
by ylime102
Geography
3m
Pick 6: Fruits
by JohnFran
Miscellaneous
15s
More to Explore
Quiz From the Vault
Featured Blog Post
15 Basketball Trivia Facts You Can Be March Mad About
hide this ad
You Might Also Like...
Tags
Album Quiz
Pop Music Quiz
fame
iTunes
Katy Perry
Lady Gaga
Monster
radio
rihanna
Today's Top Quizzes in Music
Browse Music
hide this ad
Today's Top Quizzes in Pop Music
Browse Pop Music
Top Contributed Quizzes in Music
1
Taylor Swift All Songs (2024)
2
A Taylor Swift Logic Puzzle
3
KPOP LOGIC QUIZ
4
Taylor Swift Logic Puzzle
5
Guess the Taylor Swift song (Mystery Song)
6
Guess The Taylor Swift Lyrics Song #1
7
Kpop murder mystery 1
8
kpop group name match up
9
K-Pop : 100 Debut Songs (Part 1 of 3)
10
K-Pop Murder Mystery Logic Quiz
Explore More
Trending Topics
Marvel
Anime
Disney
Crossword
NBA
Kpop
Harry Potter
Country
Pokémon
NFL
WWE
The Office
Song
Puzzle
Soccer
hide this ad
More By:
Splendini
Quiz
Plays
Rating
Category
Featured
Created
Lady GaGa Songs (Studio Albums)
52
Music
Jul 18, 2012
Go to Creator's Profile
Score Distribution
Quiz Creator Spotlight
Splendini
Follow
Send a Message
Quizzes Created
-
Created Quiz Play Count
-
More By This Creator
Popular Quizzes Today
1
Countries of Asia Without Outlines Minefield
2
Find the US States - No Outlines Minefield
3
Pick 6: Fruits
4
Alphabetical 'K' Countries by Flag Minefield
5
The Countries of the World
6
Find the Countries of Europe - No Outlines Minefield
7
Find the US States
8
US States
More Music Quizzes
BTS Acrostic (Hard) 3
Quiz Lab
Trending Quizzes
Pick 6: Mountains
Pick 6: Harry Potter
Pick 6: Flags
Pick 6: NFL Teams
Pick 6: Movie Franchises
Recently Updated
Adaptations: Name the Title
pecheneg
NWSL Teams
pecheneg
Women's Final Four Teams by Year
bhenderson79
Presidents Quartet II
eogle
Anything But Clue(do)
eogle
Anything But Oceanian Capitals
eogle
Anything But 7
eogle
Anything But Thing
eogle
Word Ladder: February 29
pecheneg
Song Title Questions
pecheneg
Trending Topics
NBA
Crossword
Anime
Marvel
Kpop
Harry Potter
Disney
Country
The Office
Song
Soccer
Pokémon
NFL
WWE
Puzzle
Your Account Isn't Verified!
In order to create a playlist on Sporcle, you need to verify the email address you used during registration. Go to your
Sporcle Settings
to finish the process.
Report this User
Report this user for behavior that violates our
Community Guidelines
.
Details:
Send Report
Go to the Sporcle.com Mobile Site →
Comments